Países que han ganado una medalla de oro en fútbol - Estadísticas

Estadísticas generales
  • Esta prueba ha sido intentada 6.841 veces
  • La puntuación promedio es 14 de 22
Estadísticas de respuestas
Oro Plata Bronce País % Correcto
2 6 2 Brasil
98%
2 2 0 Argentina
97%
2 3 0 España
97%
1 1 6 Alemania/ Alemania Occidental
94%
1 2 0 Francia
93%
5 2 2 Estados Unidos
88%
1 0 2 Italia
88%
3 0 0 Gran Bretaña
86%
1 0 1 México
83%
2 0 0 Uruguay
77%
2 0 2 Canadá
67%
1 2 2 Suecia
61%
1 0 1 Bélgica
59%
1 2 0 Polonia
54%
1 1 1 Nigeria
50%
2 0 3 Unión Soviética
48%
1 0 2 Noruega
47%
1 3 1 Yugoslavia
43%
3 1 1 Hungría
42%
1 0 0 Camerún
38%
1 1 0 Checoslovaquia
27%
1 1 1 Alemania Oriental
9%
No se encontraron pruebas coincidentes
Distribución de puntuación
Porcentaje de gente con cada puntuación
Porcentaje por número respondido
Historial de tus puntuaciones
No has intentado esta prueba.